Statistiques concernant Entreprises par images n°2

Cliquez ici pour prendre le quiz!

Statistiques générales

  • Ce quiz a été pris 277 fois
  • Le résultat moyen est 10 sur 12

Statistiques - réponses

Réponse% Correct
Bic
99%
Michelin
99%
Leroy Merlin
97%
Samsung
93%
Ferrari
92%
Louis Vuitton
90%
Levi Strauss
88%
Kleenex
77%
Microsoft
73%
Seiko
69%
Atari
50%
Société
34%

Distribution des résultats

Percentile par nombre de réponses

% des personnes avec chaque résultat

Votre développement - résultats

Vous n’avez pas pris ce quiz